000 00520nam a2200133Ia 4500
005 20260209120139.0
008 260209s9999||||xx |||||||||||||| ||und||
100 _aTakumi Hasegawa
245 0 _aImpact of corporate insolvency on the creditors of corporate bodies : an assessment of Indian and Japanese insolvency laws
260 _aBangaloreBangalore
_bNLSIU
_c2017
300 _a136 p. ; 25 cm.
700 _aProf. M P P Pillai - GuideProf. M P P Pillai - Guide
856 _uhttps://dans.nls.ac.in/handle/123456789/1574
999 _c217332
_d217332